[Event "Nord Pas de Cal-chT"]
[Site "Lille"]
[Date "2004.??.??"]
[Round "1.6"]
[White "Dworniczek, Arnaud"]
[Black "Husson, Cybele"]
[Result "0-1"]
[WhiteElo "1610"]
[BlackElo "2061"]
[PlyCount "62"]
[EventDate "2004.04.??"]
[EventType "team-swiss"]
[EventRounds "7"]
[EventCountry "FRA"]
[SourceTitle "EXT 2005"]
[Source "ChessBase"]
[SourceDate "2004.11.15"]
[SourceVersion "1"]
[SourceVersionDate "2004.11.15"]
[SourceQuality "1"]

1. e4 g6 2. d4 Bg7 3. Be3 d6 4. Nc3 Nd7 5. Bb5 c6 6. Ba4 b5 7. Bb3 a5 8. a3 Bb7 9. a4 b4 10. Nce2 c5 11. Ng3 Qc7 12. Bc4 Ngf6 13. d5 Nb6 14. Bb5+ Nfd7 15. Rb1 0-0-0 16. N1e2 Ne5 17. b3 f5 18. Nf4 Ng4 19. Ne6 Nxe3 20. fxe3 Bc3+ 21. Ke2 Qb8 22. Nxd8 Kxd8 23. Qd3 fxe4 24. Qxe4 Bxd5 25. Qg4 Kc7 26. e4 Bf7 27. Rhf1 h5 28. Qg5 Bf6 29. Rxf6 exf6 30. Qxf6 Be8 31. Qxh8 Bxb5+ 0-1

[Event "Nord Pas de Cal-chT"]
[Site "Lille"]
[Date "2004.??.??"]
[Round "6.8"]
[White "Vautrelle, Philippe"]
[Black "Dworniczek, Arnaud"]
[Result "1-0"]
[WhiteElo "1890"]
[BlackElo "1610"]
[PlyCount "57"]
[EventDate "2004.04.??"]
[EventType "team-swiss"]
[EventRounds "7"]
[EventCountry "FRA"]
[SourceTitle "EXT 2005"]
[Source "ChessBase"]
[SourceDate "2004.11.15"]
[SourceVersion "1"]
[SourceVersionDate "2004.11.15"]
[SourceQuality "1"]

1. e4 c5 2. Nf3 d6 3. d4 cxd4 4. Nxd4 Nf6 5. Nc3 a6 6. a4 e5 7. Nb3 Be6 8. Be2 Nc6 9. Be3 Be7 10. 0-0 d5 11. exd5 Nxd5 12. Nxd5 Qxd5 13. Nc5 Nd4 14. Nxe6 Nxe2+ 15. Qxe2 Qxe6 16. a5 0-0 17. Bb6 Bd8 18. Bc5 Be7 19. Bxe7 Qxe7 20. Rfe1 Rac8 21. c3 f6 22. h3 Rc5 23. Red1 Rd8 24. Qe4 Qc7 25. Rxd8+ Qxd8 26. Qxb7 Rxa5 27. Qb3+ Qd5 28. Qb8+ Kf7 29. Qc7+ 1-0